Charge and spin delocalization in mixed-valent vinylruthenium-triarylamine-conjugates with planarized triarylamines
We report on three new vinylruthenium-triarylamine (TA) conjugates with planarized TA substituents. The neutral, mono-, and dioxidized forms of the complexes were scrutinized by UV/vis/NIR, IR, and EPR spectroscopies as well as by quantum chemical calculations. By analyzing the intervalence charge-t...
Saved in:
| Main Authors: | , , , , , |
|---|---|
| Format: | Article (Journal) |
| Language: | English |
| Published: |
January 13, 2022
|
| In: |
Organometallics
Year: 2022, Volume: 41, Issue: 5, Pages: 532-546 |
| ISSN: | 1520-6041 |
| DOI: | 10.1021/acs.organomet.1c00619 |
| Online Access: | Verlag, lizenzpflichtig, Volltext: https://doi.org/10.1021/acs.organomet.1c00619 |
| Author Notes: | Stefanie Breimaier, Nina Fröhlich, Jan Herberger, Michael Linseis, Milan Kivala, and Rainer F. Winter |
MARC
| LEADER | 00000caa a2200000 c 4500 | ||
|---|---|---|---|
| 001 | 1817014129 | ||
| 003 | DE-627 | ||
| 005 | 20230427035147.0 | ||
| 007 | cr uuu---uuuuu | ||
| 008 | 220920s2022 xx |||||o 00| ||eng c | ||
| 024 | 7 | |a 10.1021/acs.organomet.1c00619 |2 doi | |
| 035 | |a (DE-627)1817014129 | ||
| 035 | |a (DE-599)KXP1817014129 | ||
| 035 | |a (OCoLC)1361696283 | ||
| 040 | |a DE-627 |b ger |c DE-627 |e rda | ||
| 041 | |a eng | ||
| 084 | |a 30 |2 sdnb | ||
| 100 | 1 | |a Breimaier, Stefanie |e VerfasserIn |0 (DE-588)1268480010 |0 (DE-627)1817014005 |4 aut | |
| 245 | 1 | 0 | |a Charge and spin delocalization in mixed-valent vinylruthenium-triarylamine-conjugates with planarized triarylamines |c Stefanie Breimaier, Nina Fröhlich, Jan Herberger, Michael Linseis, Milan Kivala, and Rainer F. Winter |
| 264 | 1 | |c January 13, 2022 | |
| 300 | |a 15 | ||
| 336 | |a Text |b txt |2 rdacontent | ||
| 337 | |a Computermedien |b c |2 rdamedia | ||
| 338 | |a Online-Ressource |b cr |2 rdacarrier | ||
| 500 | |a Gesehen am 20.09.2022 | ||
| 520 | |a We report on three new vinylruthenium-triarylamine (TA) conjugates with planarized TA substituents. The neutral, mono-, and dioxidized forms of the complexes were scrutinized by UV/vis/NIR, IR, and EPR spectroscopies as well as by quantum chemical calculations. By analyzing the intervalence charge-transfer (IVCT) transitions of the mixed-valent radical cations, we obtain information on the extent of electronic coupling between the chemically different redox sites. Completely delocalized Ru-MeTA+ shows a vibrationally structured, non-solvatochromic IVCT band. Decreased blueshifts of the indicative Ru(CO) stretching vibration during the first oxidation and larger A(14N) EPR hyperfine splitting constants in concert with smaller g-values indicate enhanced TA contributions to the singly occupied molecular orbital of the other two complexes Ru-TOTA•+ and Ru-DOTA•+ and hence less symmetrical charge and spin density distributions. This is also reflected by the solvatochromism and the asymmetric shape of the IVCT band with a smaller bandwidth at the low-energy side. Temperature-dependent UV/vis/NIR spectroscopy of mixed-valent Ru-TOTA•+ and Ru-DOTA•+ revealed that the band skewing is due to the vibrational coupling of the IVCT transition to symmetrical vibrations, placing these radical cations near or at the class II/III borderline according to Robin and Day. | ||
| 700 | 1 | |a Fröhlich, Nina |e VerfasserIn |4 aut | |
| 700 | 1 | |a Herberger, Jan |e VerfasserIn |4 aut | |
| 700 | 1 | |a Linseis, Michael A. |e VerfasserIn |0 (DE-588)1051725887 |0 (DE-627)786641908 |0 (DE-576)346292034 |4 aut | |
| 700 | 1 | |a Kivala, Milan |e VerfasserIn |0 (DE-588)120357231X |0 (DE-627)1688558489 |4 aut | |
| 700 | 1 | |a Winter, Rainer F. |d 1964- |e VerfasserIn |0 (DE-588)128508302 |0 (DE-627)373925816 |0 (DE-576)186696426 |4 aut | |
| 773 | 0 | 8 | |i Enthalten in |t Organometallics |d Washington, DC : ACS Publ., 1982 |g 41(2022), 5, Seite 532-546 |h Online-Ressource |w (DE-627)320453111 |w (DE-600)2006302-7 |w (DE-576)09088941X |x 1520-6041 |7 nnas |a Charge and spin delocalization in mixed-valent vinylruthenium-triarylamine-conjugates with planarized triarylamines |
| 773 | 1 | 8 | |g volume:41 |g year:2022 |g number:5 |g pages:532-546 |g extent:15 |a Charge and spin delocalization in mixed-valent vinylruthenium-triarylamine-conjugates with planarized triarylamines |
| 856 | 4 | 0 | |u https://doi.org/10.1021/acs.organomet.1c00619 |x Verlag |x Resolving-System |z lizenzpflichtig |3 Volltext |
| 951 | |a AR | ||
| 992 | |a 20220920 | ||
| 993 | |a Article | ||
| 994 | |a 2022 | ||
| 998 | |g 120357231X |a Kivala, Milan |m 120357231X:Kivala, Milan |d 120000 |d 120100 |e 120000PK120357231X |e 120100PK120357231X |k 0/120000/ |k 1/120000/120100/ |p 5 | ||
| 999 | |a KXP-PPN1817014129 |e 4190298263 | ||
| BIB | |a Y | ||
| SER | |a journal | ||
| JSO | |a {"recId":"1817014129","person":[{"given":"Stefanie","family":"Breimaier","role":"aut","display":"Breimaier, Stefanie"},{"display":"Fröhlich, Nina","role":"aut","family":"Fröhlich","given":"Nina"},{"family":"Herberger","given":"Jan","display":"Herberger, Jan","role":"aut"},{"given":"Michael A.","family":"Linseis","role":"aut","display":"Linseis, Michael A."},{"display":"Kivala, Milan","role":"aut","family":"Kivala","given":"Milan"},{"given":"Rainer F.","family":"Winter","role":"aut","display":"Winter, Rainer F."}],"id":{"eki":["1817014129"],"doi":["10.1021/acs.organomet.1c00619"]},"physDesc":[{"extent":"15 S."}],"origin":[{"dateIssuedKey":"2022","dateIssuedDisp":"January 13, 2022"}],"note":["Gesehen am 20.09.2022"],"relHost":[{"name":{"displayForm":["American Chemical Society"]},"note":["Gesehen am 22.03.23"],"language":["eng"],"type":{"bibl":"periodical","media":"Online-Ressource"},"part":{"extent":"15","volume":"41","text":"41(2022), 5, Seite 532-546","issue":"5","year":"2022","pages":"532-546"},"title":[{"title_sort":"Organometallics","title":"Organometallics","subtitle":"web edition"}],"pubHistory":["1.1982 -"],"recId":"320453111","physDesc":[{"extent":"Online-Ressource"}],"id":{"zdb":["2006302-7"],"issn":["1520-6041"],"eki":["320453111"]},"origin":[{"publisherPlace":"Washington, DC","dateIssuedKey":"1982","publisher":"ACS Publ.","dateIssuedDisp":"1982-"}],"disp":"Charge and spin delocalization in mixed-valent vinylruthenium-triarylamine-conjugates with planarized triarylaminesOrganometallics"}],"name":{"displayForm":["Stefanie Breimaier, Nina Fröhlich, Jan Herberger, Michael Linseis, Milan Kivala, and Rainer F. Winter"]},"type":{"bibl":"article-journal","media":"Online-Ressource"},"language":["eng"],"title":[{"title_sort":"Charge and spin delocalization in mixed-valent vinylruthenium-triarylamine-conjugates with planarized triarylamines","title":"Charge and spin delocalization in mixed-valent vinylruthenium-triarylamine-conjugates with planarized triarylamines"}]} | ||
| SRT | |a BREIMAIERSCHARGEANDS1320 | ||